000 00684cab a2200217 4500
001 WB3129-40
008 090401t1995 xxu||||| |||| 00| 0 eng d
035 _a(Sirsi) u41031
041 _aeng
245 _aIACS area aid applications
260 _c1995
350 _a0
490 _aMAFF News Release
_v(282/95) 24 July 1995 (2)
520 _aChanges to the IACS rules contained in EC Regulation 1648/95 amending Regulation 387/92 now permit applicants to withdraw land after 15 May 1995 without penalty.
650 _aARABLE AREA PAYMENTS
650 _aIACS AREA AID APPLICATIONS
650 _aSET-ASIDE
690 _aRURAL PRACTICE
942 _n0
948 _c04/03/1997
999 _c26333
_d26333